Contribución a la Historia del coleccionismo cervantino y caballeresco (Record no. 140116)

MARC details
000 -LEADER
campo de control de longitud fija 00959nam a2200205 i 4500
001 - NÚMERO DE CONTROL
campo de control 140116
003 - IDENTIFICADOR DE NÚMERO DE CONTROL
campo de control ES-MaACL
005 - FECHA Y HORA DE LA ÚLTIMA TRANSACCIÓN
campo de control 20250416222539.0
007 - CAMPO FIJO DE DESCRIPCIÓN FÍSICA--INFORMACIÓN GENERAL
campo de control de longitud fija t|
008 - DATOS DE LONGITUD FIJA--INFORMACIÓN GENERAL
campo de control de longitud fija 070214s1948 sp r ||||1| spa d
100 1# - ENTRADA PRINCIPAL--NOMBRE DE PERSONA
Nombre de persona Sedó Peris-Mencheta, Juan (
Fechas asociadas al nombre 1908-1966)
9 (RLIN) 105075
245 10 - MENCIÓN DEL TÍTULO
Título Contribución a la Historia del coleccionismo cervantino y caballeresco
Resto del título : discurso leido el día 14 de marzo de 1948 en la recepción pública [en la Real Academia de Buenas Letras] de D. Juan Sedó Peris-Mencheta, y la contestación del académico numerario D. Martín de Riquer.
260 ## - PUBLICACIÓN, DISTRIBUCIÓN, ETC.
Lugar de publicación, distribución, etc. Barcelona :
Nombre del editor, distribuidor, etc. Horta de I. y E.,
Fecha de publicación, distribución, etc. 1948 (
Fabricante Imp. de la Casa Provincial de Caridad)
300 ## - DESCRIPCIÓN FÍSICA
Extensión 32 p. ;
Dimensiones 26 cm.
600 14 - PUNTO DE ACCESO ADICIONAL DE MATERIA--NOMBRE DE PERSONA
Nombre de persona Cervantes Saavedra, Miguel de,
Fechas asociadas al nombre 1547-1616
9 (RLIN) 226514
700 1# - ENTRADA AGREGADA--NOMBRE PERSONAL
Nombre de persona Riquer, Martín de,
Fechas asociadas al nombre 1914-2013
9 (RLIN) 240061
710 2# - ENTRADA AGREGADA--NOMBRE DE ENTIDAD CORPORATIVA
Nombre de entidad corporativa o nombre de jurisdicción como elemento de entrada Reial Acadèmia de Bones Lletres de Barcelona.
9 (RLIN) 176228
852 ## - LOCALIZACIÓN
Ubicación ES-MaACL
Número de control de estantería 2043-F-24
Sublocalización o colección R.5617134481
Holdings
Estatus retirado Estado de pérdida Estado de daño No para préstamo Colección Biblioteca de origen Biblioteca actual Ubicación en estantería Fecha de adquisición Fuente de adquisición Total de préstamos Signatura topográfica completa Código de barras Visto por última vez Precio de reemplazo Tipo de ítem Koha
        Colección de folletos Biblioteca del Ateneo de Madrid Biblioteca del Ateneo de Madrid Depósito folletos 17/01/2008     2043-F-24 1145809 23/02/2023 23/02/2023 Folleto